Online
Catalog

Santo Domingo vertical / (Record no. 32360)

MARC details
000 -CABECERA
campo de control de longitud fija 00525nam a2200181 a 4500
001 - NÚMERO DE CONTROL
campo de control 000032869
005 - FECHA Y HORA DE LA ÚLTIMA TRANSACCIÓN
campo de control 20230331073627.0
008 - DATOS DE LONGITUD FIJA--INFORMACIÓN GENERAL
campo de control de longitud fija 110801s1962 dr a 000 0 spa d
040 ## - FUENTE DE LA CATALOGACIÓN
Centro catalogador/agencia de origen DO-SdBNP
Lengua de catalogación spa
Centro/agencia transcriptor BNPHU
082 ## - NÚMERO DE LA CLASIFICACIÓN DECIMAL DEWEY
Número de clasificación xxx
Número de documento/Ítem H557s
049 ## - FONDOS LOCALES (OCLC)
Fondos de biblioteca BNPD
100 ## - ENTRADA PRINCIPAL--NOMBRE DE PERSONA
Nombre de persona Hernández Rueda, Lupo,
Fechas asociadas al nombre 1930-2017
9 (RLIN) 23790
245 10 - MENCIÓN DE TÍTULO
Título Santo Domingo vertical /
Mención de responsabilidad, etc. Lupo Hernández Rueda.
260 ## - PUBLICACIÓN, DISTRIBUCIÓN, ETC.
Lugar de publicación, distribución, etc. Santo Domingo :
Nombre del editor, distribuidor, etc. Brigadas Dominicanas,
Fecha de publicación, distribución, etc. 1962.
300 ## - DESCRIPCIÓN FÍSICA
Extensión 37 p. :
Otras características físicas il. ;
Dimensiones 24 cm.
490 1# - MENCIÓN DE SERIE
Mención de serie Baluarte
830 #0 - PUNTO DE ACCESO ADICIONAL DE SERIE-TÍTULO UNIFORME
Título uniforme Baluarte
9 (RLIN) 35758
Holdings
Estado de retiro Estado de pérdida Restricciones de uso No para préstamo Código de colección Localización permanente Ubicación/localización actual Ubicación en estantería Fecha de adquisición Número de inventario Total de préstamos Signatura topográfica completa Código de barras Fecha visto por última vez Número de copia Precio válido a partir de Tipo de ítem Koha Nota pública
      Excluido de préstamo Raros y valiosos General General En catalogación 10.08.2011 LF1   xxx H557s 32869-30 25.06.2020 e. 3 25.06.2020 No se presta Perteneció a la biblioteca personal de Aída Cartagena Portalatín
      Excluido de préstamo Raros y valiosos Patrimonio Dominicano Patrimonio Dominicano En catalogación 01.08.2011 LF1   xxx H557s 32869-10 25.06.2020   25.06.2020 No se presta Perteneció a la biblioteca personal de Aída Cartagena Portalatín
      Excluido de préstamo Raros y valiosos Patrimonio Dominicano Patrimonio Dominicano En catalogación 10.08.2011 LF1   xxx H557s 32869-20 25.06.2020 e. 2 25.06.2020 No se presta Perteneció a la biblioteca personal de Aída Cartagena Portalatín

Powered by Koha